000 00485cam a22001097a 4500
008 180718b1972 xxu||||| |||| 00| 0 eng d
082 _aT2x54 In2att
245 _aAttracting industries to developing areas: central and state incentives in India
_cby Industrial Credit and Investment Corporation of India
260 _aBombay
_bThe Industrial Credit and Investment Corporation of India
_c1972
300 _a82+p
700 _aMaharashtra. Industrial Credit and Investment Corporation of India
999 _c497525
_d497525